000 00470nam a2200145Ia 4500
008 100122s9999 xx 000 0 und d
082 _b12633
_a823.08
100 _aमोरे शंकरराव
245 _aवेडे वात्सल्य
260 _bजगताप-कारले प्रकाशन
_c1964
300 _a108
630 _aवेडे वात्सल्य
730 _aवेडे वात्सल्य
942 _cBOOK
999 _c403737
_d403734